Manual de dificuldades de aprendizagem : Linguagem, Leitura, Escrita e Matemática

Պահպանված է:
Մատենագիտական մանրամասներ
Հիմնական հեղինակ: Nicasio García, Jesús
Ձևաչափ: Գիրք
Լեզու:Undetermined
Հրապարակվել է: São Paulo, Brasil Artes Médicas 1998
Խորագրեր:
Ցուցիչներ: Ավելացրեք ցուցիչ
Չկան պիտակներ, Եղեք առաջինը, ով նշում է այս գրառումը!

MARC

LEADER 00000nam a2200000Ia 4500
008 170316s9999 xx 000 0 und d
090 |a 415-P N-1m 
100 |a Nicasio García, Jesús 
245 |a Manual de dificuldades de aprendizagem : Linguagem, Leitura, Escrita e Matemática 
260 |a São Paulo, Brasil 
260 |b Artes Médicas 
260 |c 1998 
300 |a 274 páginas 
650 |a GRAMÁTICA PORTUGUESA 
650 |a EN IDIOMA PORTUGUÉS 
650 |a DIFICULTADES DEL APRENDIZAJE - MANUAL 
999 |c 19679  |d 19679 
040 |a cru BVZT 
942 |c 15 D  |h 415-P N-1m  |2 z